Statistiques concernant Les Piliers ( Fire Force )

Cliquez ici pour prendre le quiz!

Statistiques générales

  • Ce quiz a été pris 5 fois
  • Le résultat moyen est 4 sur 8

Statistiques - réponses

Réponse% Correct
Shinra
100%
Sho
100%
Iris
80%
Haumea
40%
Amaterasu
20%
Inca
20%
Nataku
20%
Sumire
20%

Distribution des résultats

Percentile par nombre de réponses

% des personnes avec chaque résultat

Votre développement - résultats

Vous n’avez pas pris ce quiz